000 01641cam a2200481 a 4500
001 22721
003 SK-KTurca
005 20260421152525.0
008 240226s1991 xo af ar 000 j slo
015 _aSNBA1991/10
020 _a8006002991
_q(brožované)
035 _aSNK000006392
035 _aurn:nbn:sk:snk-amlkxp
035 _aurn:nbn:sk:snk-am00bp47
035 _a63655C32-6C2C-4C6D-A159-928EC868A7E0
040 _aSNK
_bslo
_cSNK
_eAACR2
041 0 _aslo
044 _axo
_cSK
072 7 _a821.162.4-3
_xSlovenská próza
_2konspekt
072 7 _a821-93
_xLiteratúra pre deti a mládež (beletria)
_2konspekt
080 _a82=025
_22011
080 _a821.162.4-34
_22011
080 _a398.21
_22011
080 _a82-93-053.4/.5
_22011
100 1 _aĎuríčková, Mária,
_d1919-2004
_4aut
245 1 0 _aO Jankovi Polienkovi
_cslovenskú ľudovú rozprávku podáva Mária Ďuríčková ; [ilustroval Peter Kľúčik]
250 _a1. samost. vyd.
260 _aBratislava
_bMladé letá
_c1991
300 _a[12] nečíslovaných strán
_bfarebné ilustrácie
_c32 cm
490 1 _aLeporelá
500 _aNázov prevzatý z titulky
521 1 _aPre deti predškolského veku
650 0 7 _aliterárne adaptácie
_2SNKPH
655 7 _aslovenské ľudové rozprávky
_2SNKPH
655 7 _aleporelá
_2SNKPH
655 7 _aliteratúra pre deti a mládež
_2SNKPH
655 7 _ailustrované publikácie
_2SNKPH
700 1 _aKľúčik, Peter,
_d1953-
_4ill
700 1 _aĎuríčková, Mária,
_d1919-2004
_4aut
830 0 _aLeporelá
942 _2ddc
_cKLDE
_n0
999 _c22721
_d22721